00361 a2200109 4500020002800000082001700028100002400045245008600069260003900155300003400194650002300228 a0131498630 (alk. paper) a808.0666 ROS aRosenberg, Barry J. aSpring into technical writing for engineers and scientists /cBarry J. Rosenberg. aIndia :bPearson education,c2005. axxi, 318 p. :bill. ;c23 cm. aTechnical writing.